00789nam a2200277Ia 4500008004100000020001800041050001400059100002300073245003000096245002600126260002500152260001600177260000900193300001600202300002800218300001000246500000900256650002200265650002900287650001400316650001900330650001800349700001100367999001900378952011400397190123s9999 xx 000 0 und d a9780590672979 bH221 1974 aHamilton, Virginia 0aM.C. Higgins, the great / 0cby Virginia Hamilton. aNew York, New York : bScholastic, c1974 a278 pages : bcolored illustrations ; c19cm. a620L aAfrican American. aFactory and trade waste. aFamilies. aMountain life. aStrip mining. aTitle. c361089d361089 001040aSSISMbSSISMcSSISMd2019-01-23l0oGS FIC H221 1974pSSISM6246r2019-01-23 00:00:00w2019-01-23yBK